[Cinéma] Combien de films composent cette saga ? (4) - Statistiques

Statistiques générales
  • Ce quiz a été pris 300 fois
  • Le résultat moyen est 7 sur 10
Statistiques - réponses
Hint Réponse % Correct
Y a-t-il un flic... 3
93%
Transformers 5
91%
Rocky 8
90%
OSS 117 3
86%
Spy Kids 4
84%
L’Histoire sans fin 3
71%
Police Academy 7
69%
Frankenstein 8
66%
Monsieur Boniface 2
61%
Zatoichi 26
32%
Aucun quiz correspondant
Distribution des résultats
% des personnes avec chaque résultat
Percentile par nombre de réponses
Votre historique - résultats
Vous n’avez pas pris ce quiz